000 00901nam a22002657c 4500
001 a5550662
003 CO-ViMGA
005 20230915234406.0
008 141009s2014 sp a | |||| 000 1 spa
020 _a9789581414673
040 _aCO-ViMGA
_bspa
_cCO-ViMGA
090 _aC BAT3
100 1 _aBattut, Eric
_d1968-
_4aut
_9685
245 1 3 _aLa broma
_cÉric Battut ; [traduccion, Esther Rubio]
260 _aBogota :
_bPlaza & Janés
300 _a[25] p.
_bprincipalmente il. col.
_c26 cm
490 _aPlan Nacional de Lectura y Escritura Leer es mi Cuento / Ministerio de Cultura
500 _a De 4 A 6 Años
650 1 4 _a Travesuras En La Literatura
_98003
650 1 4 _aCuentos Infantiles Franceses - Siglo Xx
_97948
650 1 4 _aLibros ilustrados para niños
_987
650 1 4 _aLiteratura Infantil Francesa - Siglo Xx
_97949
700 1 _aRubio, Esther,
_etr.
_98004
942 _2ddc
_cBK
999 _c7701
_d7701